[Event "24. Torneo Colllado Villalba"]
[Site "Collado Villalba ESP"]
[Date "2007.08.23"]
[Round "1.26"]
[White "Mena Corrochano, Alberto"]
[Black "Sarabia Utrilla, Joaquin"]
[Result "1-0"]
[WhiteElo "2169"]
[BlackElo "1929"]
[PlyCount "69"]
[EventDate "2007.08.23"]
[EventType "swiss"]
[EventRounds "9"]
[EventCountry "ESP"]
[Source "lmi"]
[SourceDate "2007.08.23"]

1. d4 d5 2. c4 e6 3. Nc3 Nf6 4. Bg5 Be7 5. e3 Nbd7 6. Nf3 c6 7. Qc2 h6 8. Bh4
O-O 9. Bd3 dxc4 10. Bxc4 Nd5 11. Bg3 Bb4 12. O-O N7f6 13. e4 Nb6 14. Bb3 Nh5
15. Bh4 Be7 16. Bxe7 Qxe7 17. Qd2 Nf6 18. Rac1 Rd8 19. Qe3 Nbd7 20. Rfd1 b6 21.
Ba4 Bb7 22. e5 Nd5 23. Nxd5 cxd5 24. Rc7 Ba6 25. Rdc1 b5 26. R1c6 bxa4 27. Rxa6
Qb4 28. Qd2 Qb8 29. Rac6 Nb6 30. Qb4 Nc4 31. Rb7 a5 32. Qb5 Nxb2 33. Qxb2 Qxb7
34. Qxb7 Rdb8 35. Qc7 1-0

[Event "24. Torneo Colllado Villalba"]
[Site "Collado Villalba ESP"]
[Date "2007.08.23"]
[Round "1.27"]
[White "Cobelas Rodriguez, Pilar"]
[Black "Labarta Gonzalez-Villarino, Ivan"]
[Result "0-1"]
[WhiteElo "1925"]
[BlackElo "2164"]
[PlyCount "52"]
[EventDate "2007.08.23"]
[EventType "swiss"]
[EventRounds "9"]
[EventCountry "ESP"]
[Source "lmi"]
[SourceDate "2007.08.23"]

1. e4 c5 2. Nf3 Nc6 3. d4 cxd4 4. Nxd4 g6 5. Bc4 Bg7 6. c3 Nf6 7. Qc2 O-O 8.
O-O Nxd4 9. cxd4 d5 10. exd5 Nxd5 11. Nc3 Bf5 12. Qb3 Nb6 13. d5 Nxc4 14. Qxc4
e6 15. dxe6 Bxe6 16. Qb4 b6 17. Be3 Qf6 18. a4 Rfc8 19. Rfd1 Rc4 20. Qd6 Qh4
21. a5 Rac8 22. axb6 axb6 23. Ra6 Qh5 24. f4 Rxc3 25. bxc3 Qe2 26. Qd3 Qxd3 0-1

[Event "24. Torneo Colllado Villalba"]
[Site "Collado Villalba ESP"]
[Date "2007.08.23"]
[Round "1.28"]
[White "Lorite Cruz, Francisco"]
[Black "Alcoz Coll, Gonzalo"]
[Result "1/2-1/2"]
[WhiteElo "2159"]
[BlackElo "1920"]
[PlyCount "89"]
[EventDate "2007.08.23"]
[EventType "swiss"]
[EventRounds "9"]
[EventCountry "ESP"]
[Source "lmi"]
[SourceDate "2007.08.23"]

1. e4 e5 2. Nf3 Nf6 3. Nc3 Bb4 4. Bd3 d6 5. h3 c6 6. Ne2 d5 7. Ng3 dxe4 8. Bxe4
Nxe4 9. Nxe4 O-O 10. a3 Be7 11. d3 f5 12. Nc3 Bf6 13. O-O c5 14. Be3 b6 15. Nh2
Bb7 16. a4 Nc6 17. f3 Nd4 18. Ne2 Qc7 19. c3 Nxe2+ 20. Qxe2 Rad8 21. Rfd1 Rd7
22. Qc2 Rfd8 23. Nf1 Ba6 24. c4 e4 25. dxe4 Rxd1 26. Rxd1 Rxd1 27. Qxd1 Bxc4
28. b3 Be6 29. exf5 Bf7 30. Qc2 Bd5 31. Nd2 Qe5 32. Nc4 Qa1+ 33. Kh2 Kf8 34.
Qd3 Bxc4 35. Qxc4 Qe5+ 36. Qf4 Qe7 37. Qe4 Qd7 38. a5 Bd4 39. axb6 axb6 40. Bf4
Kf7 41. f6 g6 42. Be5 Bxe5+ 43. Qxe5 Qe6 44. Qc7+ Kxf6 45. Qf4+ 1/2-1/2

[Event "24. Torneo Colllado Villalba"]
[Site "Collado Villalba ESP"]
[Date "2007.08.23"]
[Round "1.29"]
[White "Tarin Casado, Francisco"]
[Black "Coleto Calderon, Jose Antonio"]
[Result "0-1"]
[WhiteElo "1906"]
[BlackElo "2159"]
[PlyCount "88"]
[EventDate "2007.08.23"]
[EventType "swiss"]
[EventRounds "9"]
[EventCountry "ESP"]
[Source "lmi"]
[SourceDate "2007.08.23"]

1. e4 c5 2. Nc3 Nc6 3. g3 g6 4. Bg2 Bg7 5. d3 e6 6. Be3 d6 7. Qd2 Rb8 8. h4 h5
9. Nge2 b5 10. O-O b4 11. Nd1 Nge7 12. f4 Nd4 13. Bxd4 cxd4 14. Nf2 e5 15. Nh3
O-O 16. Rf2 Bh6 17. Qd1 Bg4 18. Qf1 f6 19. Kh2 Kg7 20. Neg1 Qc8 21. Nf3 Rb5 22.
Nd2 Qd7 23. Nc4 Ng8 24. fxe5 dxe5 25. Bf3 Be6 26. b3 Ne7 27. Bg2 Rf7 28. Ng1
Nc6 29. Bh3 Na5 30. Bxe6 Qxe6 31. a4 bxa3 32. Rxa3 Nxc4 33. bxc4 Rb2 34. Qa1
Qb6 35. Ra6 Qb8 36. Qa4 Be3 37. Rg2 Rb1 38. Nf3 Rf1 39. Nd2 Rd1 40. Nf3 Qb1 41.
Kh3 Rh1+ 42. Nh2 Qd1 43. g4 Qf3+ 44. Rg3 hxg4# 0-1

[Event "24. Torneo Colllado Villalba"]
[Site "Collado Villalba ESP"]
[Date "2007.08.23"]
[Round "1.30"]
[White "Semprun Martinez, Fernando"]
[Black "Cano Mercado, Francisco Manuel"]
[Result "0-1"]
[WhiteElo "2155"]
[BlackElo "1897"]
[PlyCount "63"]
[EventDate "2007.08.23"]
[EventType "swiss"]
[EventRounds "9"]
[EventCountry "ESP"]
[Source "lmi"]
[SourceDate "2007.08.23"]

1. e4 c6 2. d4 d5 3. e5 Bf5 4. Nc3 e6 5. g4 Bg6 6. Nge2 c5 7. h4 h6 8. Be3 Nc6
9. dxc5 Nxe5 10. Nf4 Bh7 11. Bb5+ Nc6 12. Qe2 Nge7 13. O-O-O Qc7 14. Ba4 a6 15.
b4 Qe5 16. Qd2 O-O-O 17. Bd4 Nxd4 18. Rhe1 Qf6 19. Qxd4 Qxd4 20. Rxd4 g5 21.
Nh5 Nc6 22. Bxc6 bxc6 23. hxg5 hxg5 24. Re5 Bg6 25. Rxg5 Bh6 26. f4 Bxg5 27.
fxg5 Bxh5 28. gxh5 Rxh5 29. Rf4 Rd7 30. Na4 Kb7 31. g6 f5 32. Rf1 0-1

[Event "24. Torneo Colllado Villalba"]
[Site "Collado Villalba ESP"]
[Date "2007.08.23"]
[Round "1.31"]
[White "Baeza Escudero, Javier"]
[Black "Cao Armillas, Jesus"]
[Result "0-1"]
[WhiteElo "1895"]
[BlackElo "2153"]
[PlyCount "75"]
[EventDate "2007.08.23"]
[EventType "swiss"]
[EventRounds "9"]
[EventCountry "ESP"]
[Source "lmi"]
[SourceDate "2007.08.23"]

1. e4 e6 2. d4 d5 3. Nc3 Bb4 4. e5 Ne7 5. a3 Bxc3+ 6. bxc3 c5 7. f4 Nbc6 8. Nf3
Qa5 9. Bd2 Qa4 10. Be3 Nf5 11. Bf2 h5 12. Bd3 cxd4 13. Bxf5 exf5 14. Nxd4 Na5
15. Qd3 Qd7 16. Qg3 Kf8 17. Qg5 Rh6 18. Bh4 Kg8 19. O-O Nc4 20. Rf2 a5 21. Nb3
b6 22. Nd2 Bb7 23. Qg3 Rc8 24. Qd3 Rhc6 25. Nf3 Rc5 26. Nd4 g6 27. Qg3 Kh7 28.
Re2 Re8 29. Rae1 Re6 30. Bf6 Nxa3 31. Nxf5 Rxf6 32. exf6 Qxf5 33. Re7 Qxf6 34.
Rxb7 Nb5 35. Rb8 Rxc3 36. Qg5 Qd4+ 37. Kh1 Re3 38. Re8 0-1

[Event "24. Torneo Colllado Villalba"]
[Site "Collado Villalba ESP"]
[Date "2007.08.23"]
[Round "1.32"]
[White "Ivanovitch Balsinde, Nicolas"]
[Black "Garcia Reino, Eduardo J"]
[Result "0-1"]
[WhiteElo "2151"]
[BlackElo "1889"]
[PlyCount "64"]
[EventDate "2007.08.23"]
[EventType "swiss"]
[EventRounds "9"]
[EventCountry "ESP"]
[Source "lmi"]
[SourceDate "2007.08.23"]

1. e4 e5 2. Nf3 Nf6 3. d4 Nxe4 4. Bd3 d5 5. Nxe5 Bd6 6. O-O O-O 7. c4 c6 8. Nc3
Nxc3 9. bxc3 Bxe5 10. dxe5 dxc4 11. Bxc4 Qxd1 12. Rxd1 Bf5 13. Bf4 Nd7 14. Bg3
Nb6 15. Bb3 Rad8 16. Bh4 Rxd1+ 17. Rxd1 Be6 18. Be7 Re8 19. Bxe6 fxe6 20. Bc5
Nd5 21. c4 Nc3 22. Rd7 b6 23. Bd6 Nxa2 24. Rxa7 Nc3 25. f3 b5 26. c5 b4 27. Rb7
Nb5 28. Rxb5 cxb5 29. c6 b3 30. Ba3 Rc8 31. Kf2 Rxc6 32. Ke3 b4 0-1

[Event "24. Torneo Colllado Villalba"]
[Site "Collado Villalba ESP"]
[Date "2007.08.23"]
[Round "1.33"]
[White "Collado Barbas, Laura"]
[Black "Cruz Condori, Alfredo"]
[Result "0-1"]
[WhiteElo "1883"]
[BlackElo "2149"]
[PlyCount "134"]
[EventDate "2007.08.23"]
[EventType "swiss"]
[EventRounds "9"]
[EventCountry "ESP"]
[Source "lmi"]
[SourceDate "2007.08.23"]

1. d4 Nf6 2. c4 e6 3. Nc3 Bb4 4. Qc2 b6 5. e4 Bb7 6. Bd3 c5 7. d5 exd5 8. exd5
O-O 9. Nge2 b5 10. b3 d6 11. O-O Bxc3 12. Nxc3 b4 13. Ne4 Nxe4 14. Bxe4 h6 15.
Bb2 Nd7 16. Rae1 Re8 17. Bh7+ Kf8 18. Qf5 Nb6 19. Qg4 Qg5 20. Qf3 Rxe1 21. Rxe1
Re8 22. Rxe8+ Kxe8 23. Qe4+ Kf8 24. f4 Qg4 25. Kf2 Qh4+ 26. Kg1 Qg4 27. Kf2 Bc8
28. h3 Qh4+ 29. Kg1 Qg3 30. Kf1 a5 31. Bf5 Bxf5 32. Qxf5 Qg6 33. Qxg6 fxg6 34.
Ke2 a4 35. Ke3 a3 36. Ba1 Kf7 37. Ke4 h5 38. g4 Nd7 39. gxh5 gxh5 40. h4 Nf8
41. f5 Nh7 42. Kf4 g6 43. Bh8 Nf8 44. Ba1 Nh7 45. Bh8 Nf8 46. Ba1 Nd7 47. Kg5
gxf5 48. Kxf5 Nf8 49. Bf6 Ng6 50. Bg5 Ne5 51. Bf4 Nxc4 52. Kg5 Ke7 53. Kxh5 Nb6
54. Bg5+ Kf7 55. Bf4 c4 56. Bxd6 cxb3 57. axb3 Nxd5 58. Be5 Nc3 59. Kg5 a2 60.
h5 a1=Q 61. h6 Qg1+ 62. Kh4 Kg6 63. Bf4 Ne4 64. h7 Kxh7 65. Bc7 Qg6 66. Kh3
Nf2+ 67. Kh4 Qg4# 0-1

[Event "24. Torneo Colllado Villalba"]
[Site "Collado Villalba ESP"]
[Date "2007.08.23"]
[Round "1.34"]
[White "Rodriguez Gomez, Vicente"]
[Black "Collado Barbas, Alberto"]
[Result "1/2-1/2"]
[WhiteElo "2148"]
[BlackElo "1883"]
[PlyCount "130"]
[EventDate "2007.08.23"]
[EventType "swiss"]
[EventRounds "9"]
[EventCountry "ESP"]
[Source "lmi"]
[SourceDate "2007.08.23"]

1. e4 e6 2. d4 d5 3. exd5 exd5 4. Bd3 Nc6 5. c3 Bd6 6. Nf3 Bg4 7. O-O Qd7 8. a4
Nge7 9. Re1 O-O-O 10. b4 Ng6 11. Bf1 Qf5 12. Nbd2 h5 13. a5 Nce7 14. b5 Nf4 15.
Ba3 Bxa3 16. Rxa3 Rd7 17. Qb3 Nh3+ 18. gxh3 Bxf3 19. Nxf3 Qxf3 20. Bg2 Qf6 21.
b6 cxb6 22. a6 Rh6 23. axb7+ Rxb7 24. c4 Rg6 25. cxd5 Qf5 26. Qf3 Qxd5 27. Re5
Qxf3 28. Rxf3 Rc7 29. Rg3 Rc1+ 30. Bf1 Rxg3+ 31. hxg3 Nc6 32. Rxh5 Nxd4 33. Kg2
a5 34. Ba6+ Kd7 35. Rd5+ Kc6 36. Rxd4 b5 37. Kf3 a4 38. Rb4 a3 39. Bxb5+ Kc5
40. Ra4 Rc3+ 41. Bd3 Rxd3+ 42. Ke2 Rb3 43. Kd1 Kb5 44. Ra7 Kc4 45. Kc1 Rf3 46.
Rc7+ Kd3 47. Rc2 Rf6 48. Rd2+ Ke4 49. f4 Ra6 50. Kb1 a2+ 51. Ka1 Ra7 52. Rb2
Ra3 53. Rb4+ Kd5 54. Rb5+ Ke6 55. Rg5 g6 56. h4 Kf6 57. Rg4 Kf5 58. Rg5+ Ke4
59. Re5+ Kf3 60. f5 f6 61. Re6 gxf5 62. Rxf6 Kg4 63. Rg6+ Kh5 64. Rg5+ Kh6 65.
Rxf5 Rxg3 1/2-1/2

[Event "24. Torneo Colllado Villalba"]
[Site "Collado Villalba ESP"]
[Date "2007.08.23"]
[Round "1.35"]
[White "Gonzalo Gonzalez, Francisco"]
[Black "Huguet Mainar, Sergio"]
[Result "0-1"]
[WhiteElo "1878"]
[BlackElo "2134"]
[PlyCount "42"]
[EventDate "2007.08.23"]
[EventType "swiss"]
[EventRounds "9"]
[EventCountry "ESP"]
[Source "lmi"]
[SourceDate "2007.08.23"]

1. e4 e5 2. Nf3 Nf6 3. Nc3 Bb4 4. Bd3 Nc6 5. a3 Bxc3 6. bxc3 d5 7. exd5 Qxd5 8.
c4 Qd6 9. Ng5 O-O 10. Bb2 e4 11. Be2 Bf5 12. h4 Ne5 13. a4 Rfe8 14. Nh3 Nd3+
15. cxd3 exd3 16. Bxf6 Qxf6 17. Qc1 Rxe2+ 18. Kd1 Bxh3 19. Ra3 Bg4 20. Rxd3
Rxf2+ 21. Rf3 Rxg2 0-1

[Event "24. Torneo Colllado Villalba"]
[Site "Collado Villalba ESP"]
[Date "2007.08.23"]
[Round "1.36"]
[White "Lopez De Turiso Sanchez, Jose Ang"]
[Black "Tevar Sanz, Gonzalo"]
[Result "1-0"]
[WhiteElo "2132"]
[BlackElo "1877"]
[PlyCount "71"]
[EventDate "2007.08.23"]
[EventType "swiss"]
[EventRounds "9"]
[EventCountry "ESP"]
[Source "lmi"]
[SourceDate "2007.08.23"]

1. d4 e6 2. c4 Bb4+ 3. Nd2 d5 4. a3 Bxd2+ 5. Bxd2 Nf6 6. Nf3 Ne4 7. Bf4 Nc6 8.
e3 g5 9. Be5 f6 10. Bg3 h5 11. Be2 h4 12. Nxh4 gxh4 13. Bh5+ Kd7 14. Bxh4 Qg8
15. cxd5 exd5 16. g4 Ne7 17. f3 Ng5 18. Bg3 f5 19. h4 Ne6 20. Be5 Rh7 21. Rc1
c6 22. Qb3 Ng7 23. Kf2 Nxh5 24. gxh5 Rxh5 25. Rcg1 Ng6 26. Qb4 Qe6 27. Rxg6
Qxg6 28. Rg1 Qe6 29. Qf8 Rh7 30. Rg8 c5 31. h5 b6 32. Qd8+ Kc6 33. Rg6 Qxg6 34.
hxg6 Rd7 35. Qe8 Kb5 36. g7 1-0

[Event "24. Torneo Colllado Villalba"]
[Site "Collado Villalba ESP"]
[Date "2007.08.23"]
[Round "1.37"]
[White "Benito Alba, Eladio"]
[Black "Erice Alonso, Santiago"]
[Result "0-1"]
[WhiteElo "1873"]
[BlackElo "2131"]
[PlyCount "46"]
[EventDate "2007.08.23"]
[EventType "swiss"]
[EventRounds "9"]
[EventCountry "ESP"]
[Source "lmi"]
[SourceDate "2007.08.23"]

1. d4 d5 2. c4 c6 3. Nf3 Nf6 4. Nc3 dxc4 5. a4 Bf5 6. e3 e6 7. Bxc4 Bb4 8. O-O
Nbd7 9. Qe2 Bg6 10. Na2 Bd6 11. Nc3 O-O 12. e4 e5 13. Bg5 exd4 14. Nxd4 Re8 15.
f3 h6 16. Bh4 Qc7 17. g4 Bc5 18. Bf2 Ne5 19. Rad1 Rad8 20. Ba2 Qb6 21. Nb3
Bxf2+ 22. Rxf2 Rxd1+ 23. Nxd1 Nexg4 0-1

[Event "24. Torneo Colllado Villalba"]
[Site "Collado Villalba ESP"]
[Date "2007.08.23"]
[Round "1.39"]
[White "Minguez Greciano, Iluminada"]
[Black "Ramos Aldoradin, John Paul"]
[Result "1/2-1/2"]
[WhiteElo "1861"]
[BlackElo "2129"]
[PlyCount "96"]
[EventDate "2007.08.23"]
[EventType "swiss"]
[EventRounds "9"]
[EventCountry "ESP"]
[Source "lmi"]
[SourceDate "2007.08.23"]

1. c4 g6 2. Nc3 Bg7 3. g3 d6 4. Bg2 Nf6 5. e4 e5 6. Nge2 Nc6 7. O-O O-O 8. d3
Be6 9. Nd5 Nd7 10. Nec3 Nd4 11. Rb1 Bxd5 12. Nxd5 c6 13. Nc3 Nc5 14. Be3 Nce6
15. Ne2 Nxe2+ 16. Qxe2 Qe7 17. b4 c5 18. b5 Rab8 19. Rb3 Bf6 20. Qd2 Rfe8 21.
a4 Qc7 22. Rfb1 Bd8 23. Qb2 Qe7 24. Qd2 Bc7 25. Ra3 b6 26. Rf1 Nd4 27. Bxd4
cxd4 28. Ra2 Ra8 29. f4 Kg7 30. f5 f6 31. h4 Rh8 32. Qd1 Raf8 33. Raf2 Bd8 34.
Qg4 Qf7 35. Bh3 h6 36. fxg6 Qe7 37. Qh5 Bc7 38. Bf5 Bd8 39. Qg4 h5 40. Qd1 Rh6
41. g4 hxg4 42. Qxg4 Rfh8 43. Rh2 Rf8 44. h5 Rfh8 45. Be6 Rf8 46. Bf7 Rfh8 47.
Rf5 Rf8 48. Rhf2 Rfh8 1/2-1/2

[Event "24. Torneo Colllado Villalba"]
[Site "Collado Villalba ESP"]
[Date "2007.08.23"]
[Round "1.40"]
[White "Gago Padreny, Ignacio"]
[Black "Tuimil Martinez, Ricardo"]
[Result "1-0"]
[WhiteElo "2124"]
[BlackElo "1819"]
[PlyCount "57"]
[EventDate "2007.08.23"]
[EventType "swiss"]
[EventRounds "9"]
[EventCountry "ESP"]
[Source "lmi"]
[SourceDate "2007.08.23"]

1. d4 f5 2. c4 e6 3. g3 c6 4. Bg2 Be7 5. d5 exd5 6. cxd5 cxd5 7. Nc3 d4 8. Qxd4
Bf6 9. Qd3 Ne7 10. Bf4 Qa5 11. Nh3 Nbc6 12. O-O h6 13. Rad1 g5 14. Bd2 Ne5 15.
Qc2 Qc7 16. Qb3 a6 17. Nd5 Nxd5 18. Bxd5 Rb8 19. Rc1 Qd6 20. Bb4 Qb6 21. Rc3
Nc6 22. Re3+ Kd8 23. Be7+ Kc7 24. Bd6+ Kxd6 25. Qxb6 Kxd5 26. Rd1+ Bd4 27. Red3
Re8 28. Rxd4+ Ke6 29. Rd6+ 1-0

[Event "24. Torneo Colllado Villalba"]
[Site "Collado Villalba ESP"]
[Date "2007.08.23"]
[Round "1.41"]
[White "Sierra Bermejo, Gregorio"]
[Black "Martin Martin, Luis Vicente"]
[Result "1/2-1/2"]
[WhiteElo "1802"]
[BlackElo "2110"]
[PlyCount "90"]
[EventDate "2007.08.23"]
[EventType "swiss"]
[EventRounds "9"]
[EventCountry "ESP"]
[Source "lmi"]
[SourceDate "2007.08.23"]

1. c4 e5 2. Nc3 Nf6 3. Nf3 Nc6 4. e3 d5 5. d4 exd4 6. Nxd4 Nxd4 7. Qxd4 Be6 8.
cxd5 Nxd5 9. Nxd5 Qxd5 10. Qxd5 Bxd5 11. f3 Bb4+ 12. Kf2 O-O-O 13. Be2 f5 14.
Rd1 Rhe8 15. a3 Bc5 16. Bd3 g6 17. b4 Bb6 18. Ke2 Bd4 19. Bxf5+ gxf5 20. Rxd4
c6 21. Bb2 Rd7 22. Rad1 Rde7 23. Bc1 b5 24. Rf4 Be6 25. Kf2 Kc7 26. Rdd4 Kb6
27. e4 fxe4 28. Rfxe4 a5 29. Be3 Ka6 30. Rd6 Bd5 31. Rxe7 Rxe7 32. Bc5 Rf7 33.
Rd8 a4 34. Ra8+ Kb7 35. Ra7+ Kc8 36. Rxf7 Bxf7 37. g4 Kd7 38. Ke3 Ke6 39. Kd4
Kf6 40. f4 h5 41. g5+ Kf5 42. Bd6 Bd5 43. g6 Kxg6 44. Ke5 Kf7 45. f5 Bc4
1/2-1/2

[Event "24. Torneo Colllado Villalba"]
[Site "Collado Villalba ESP"]
[Date "2007.08.23"]
[Round "1.42"]
[White "Martin Mesa, Jose Maria"]
[Black "Sanchez Rodenas, Antonio"]
[Result "1/2-1/2"]
[WhiteElo "2102"]
[BlackElo "1795"]
[PlyCount "103"]
[EventDate "2007.08.23"]
[EventType "swiss"]
[EventRounds "9"]
[EventCountry "ESP"]
[Source "lmi"]
[SourceDate "2007.08.23"]

1. e4 c6 2. d4 d5 3. exd5 cxd5 4. c4 Nf6 5. Nc3 e6 6. Nf3 Nc6 7. Bg5 Be7 8. c5
O-O 9. a3 Ne4 10. Bxe7 Nxc3 11. Bxd8 Nxd1 12. Be7 Re8 13. Rxd1 Rxe7 14. Be2 e5
15. dxe5 Nxe5 16. O-O Nc6 17. Bb5 Be6 18. b4 Rd8 19. Rfe1 Bg4 20. Bxc6 Rxe1+
21. Rxe1 bxc6 22. Ne5 Re8 23. Kf1 Bc8 24. f4 Ba6+ 25. Kf2 Bb5 26. Nf3 Rxe1 27.
Kxe1 f6 28. Kd2 Kf7 29. Kc3 Ba4 30. Nd4 g6 31. Ne2 a6 32. Kd4 Ke6 33. Nc3 Bb5
34. a4 Bc4 35. Nd1 Be2 36. Ne3 f5 37. Kc3 h6 38. h4 h5 39. Kd4 Kf6 40. Kc3 Ke6
41. Kd2 Bg4 42. Nxg4 hxg4 43. Kd3 Kf6 44. Kd4 Ke6 45. g3 Kf6 46. b5 cxb5 47.
axb5 axb5 48. Kxd5 Ke7 49. c6 b4 50. Kc4 Kd6 51. Kxb4 Kxc6 52. Kc4 1/2-1/2

[Event "24. Torneo Colllado Villalba"]
[Site "Collado Villalba ESP"]
[Date "2007.08.23"]
[Round "1.43"]
[White "Duque Suarez, Leonardo"]
[Black "San Juan Rodriguez, Miguel"]
[Result "0-1"]
[WhiteElo "1772"]
[BlackElo "2100"]
[PlyCount "44"]
[EventDate "2007.08.23"]
[EventType "swiss"]
[EventRounds "9"]
[EventCountry "ESP"]
[Source "lmi"]
[SourceDate "2007.08.23"]

1. e4 e5 2. Nf3 Nf6 3. d4 Nxe4 4. Bd3 d5 5. Nxe5 Nd7 6. Nxd7 Bxd7 7. O-O Qh4 8.
c4 O-O-O 9. c5 g5 10. Nd2 Nxd2 11. Bxd2 Rg8 12. Bc3 g4 13. Qc2 Bh6 14. Rae1 Rg5
15. Re5 Rxe5 16. dxe5 d4 17. Bd2 Bc6 18. Bxh6 Qxh6 19. Bxh7 Rh8 20. Qf5+ Kb8
21. Qxg4 Qxh7 22. h3 Rg8 0-1

[Event "24. Torneo Colllado Villalba"]
[Site "Collado Villalba ESP"]
[Date "2007.08.23"]
[Round "1.44"]
[White "Torres Samper, Rafael"]
[Black "Medrano Del Val, Julio"]
[Result "1-0"]
[WhiteElo "2099"]
[BlackElo "1738"]
[PlyCount "125"]
[EventDate "2007.08.23"]
[EventType "swiss"]
[EventRounds "9"]
[EventCountry "ESP"]
[Source "lmi"]
[SourceDate "2007.08.23"]

1. e4 c5 2. Nf3 Nc6 3. d4 cxd4 4. Nxd4 d6 5. Nc3 a6 6. Be3 Nf6 7. Qd2 e6 8. f3
d5 9. exd5 Nxd5 10. Nxc6 bxc6 11. Bd4 f6 12. Ne4 Be7 13. Bc4 a5 14. O-O e5 15.
Bf2 Ba6 16. Bxa6 Rxa6 17. Qe2 Ra8 18. Rad1 Qc8 19. c4 Nf4 20. Qc2 O-O 21. Bc5
Bxc5+ 22. Nxc5 Rd8 23. Rxd8+ Qxd8 24. Rd1 Qe7 25. Ne4 Rd8 26. Rxd8+ Qxd8 27.
Qd2 Qxd2 28. Nxd2 Kf7 29. Nb3 Nd3 30. Nxa5 Nxb2 31. Nxc6 Nxc4 32. Kf2 Ke8 33.
Ke2 Kd7 34. Nb4 Kd6 35. Kd3 Kc5 36. Na6+ Kd5 37. Nc7+ Kc5 38. Ne6+ Kb4 39. Nxg7
Nd6 40. Ne6 Ka3 41. Nc5 f5 42. Nd7 e4+ 43. fxe4 Nxe4 44. Nf8 h6 45. Ne6 Nf2+
46. Ke2 Ng4 47. h3 Ne5 48. Nd4 f4 49. Ne6 Ng6 50. Kd3 Kxa2 51. Ke4 Kb3 52. Nxf4
Ne7 53. Ke5 Kc4 54. Kf6 Nc6 55. Kg6 Kd4 56. Kxh6 Ke5 57. Kg5 Nd4 58. h4 Nf5 59.
h5 Ke4 60. Ng6 Ne3 61. h6 Nxg2 62. h7 Ne3 63. h8=Q 1-0

[Event "24. Torneo Colllado Villalba"]
[Site "Collado Villalba ESP"]
[Date "2007.08.23"]
[Round "1.45"]
[White "Peral Aparicio, Jesus"]
[Black "Sanchez Gonzalez, Sergio"]
[Result "0-1"]
[WhiteElo "1707"]
[BlackElo "2098"]
[PlyCount "72"]
[EventDate "2007.08.23"]
[EventType "swiss"]
[EventRounds "9"]
[EventCountry "ESP"]
[Source "lmi"]
[SourceDate "2007.08.23"]

1. d4 Nf6 2. c4 e6 3. Nc3 Bb4 4. e3 O-O 5. Bd3 d5 6. Nge2 c5 7. O-O Nc6 8. a3
Bxc3 9. bxc3 b6 10. cxd5 exd5 11. Ng3 Re8 12. Qc2 Be6 13. Re1 Rc8 14. Qe2 cxd4
15. cxd4 Bg4 16. Qf1 Ne4 17. Nxe4 dxe4 18. Ba6 Rc7 19. Bd2 Re6 20. Be2 Bf5 21.
d5 Qxd5 22. Bc4 Qxd2 23. Bxe6 Bxe6 24. Red1 Qb2 25. Rac1 h6 26. Rd6 Bd7 27.
Rcd1 Ne5 28. R6d4 Bb5 29. Rb1 Qxd4 30. Qxb5 Qc5 31. Qe8+ Kh7 32. h3 Re7 33. Qa4
Qc4 34. Qd1 Qd3 35. Qc1 Qe2 36. Rb2 Nd3 0-1

[Event "24. Torneo Colllado Villalba"]
[Site "Collado Villalba ESP"]
[Date "2007.08.23"]
[Round "1.46"]
[White "Colet Fernandez, Josep"]
[Black "Martinez Sanz, Matias"]
[Result "1-0"]
[WhiteElo "2096"]
[BlackElo "1641"]
[PlyCount "69"]
[EventDate "2007.08.23"]
[EventType "swiss"]
[EventRounds "9"]
[EventCountry "ESP"]
[Source "lmi"]
[SourceDate "2007.08.23"]

1. e4 c5 2. c3 d5 3. exd5 Qxd5 4. d4 e5 5. dxe5 Qxd1+ 6. Kxd1 Nc6 7. Bf4 Nge7
8. Nf3 Ng6 9. Bg3 a6 10. Bc4 Bg4 11. Nbd2 Ngxe5 12. Re1 f6 13. h3 O-O-O 14.
hxg4 Nxc4 15. Kc2 Nxd2 16. Nxd2 Bd6 17. Bxd6 Rxd6 18. f4 Rhd8 19. Re2 b5 20.
Rh1 h6 21. Rhe1 Kb7 22. Ne4 Rd5 23. Ng3 Kb6 24. Nf5 R5d7 25. Ne3 a5 26. Rd1
Nd4+ 27. cxd4 cxd4 28. Nd5+ Rxd5 29. Kd3 Kc6 30. Re6+ R8d6 31. Rde1 Kc5 32. Re8
Kb4 33. Rc8 Rd7 34. Re2 Rc5 35. a3+ 1-0

[Event "24. Torneo Colllado Villalba"]
[Site "Collado Villalba ESP"]
[Date "2007.08.23"]
[Round "1.47"]
[White "Nieto De La Cruz, Julio"]
[Black "Quintero Torres, Pedro"]
[Result "0-1"]
[WhiteElo "1625"]
[BlackElo "2084"]
[PlyCount "60"]
[EventDate "2007.08.23"]
[EventType "swiss"]
[EventRounds "9"]
[EventCountry "ESP"]
[Source "lmi"]
[SourceDate "2007.08.23"]

1. d4 Nf6 2. c4 g6 3. Nc3 d5 4. Nf3 Bg7 5. Bg5 Ne4 6. cxd5 Nxg5 7. Nxg5 c6 8.
dxc6 Nxc6 9. e3 O-O 10. Bc4 e5 11. Nxf7 Rxf7 12. Bxf7+ Kxf7 13. d5 Na5 14. O-O
Nc4 15. Qe2 Nd6 16. e4 Kg8 17. Kh1 Bd7 18. f4 Qh4 19. g3 Qh3 20. Rae1 Re8 21.
Qd3 exf4 22. Rxf4 Qh5 23. Rf2 Be5 24. Re3 a6 25. Re1 Qg4 26. Qe2 Qxe2 27. Rfxe2
Bg4 28. Re3 Nc4 29. Na4 Nxe3 30. Rxe3 Bd4 0-1

[Event "24. Torneo Colllado Villalba"]
[Site "Collado Villalba ESP"]
[Date "2007.08.23"]
[Round "1.48"]
[White "Monmeneu Chulia, Vicente J"]
[Black "Perez Ortego, Alberto"]
[Result "1-0"]
[WhiteElo "2078"]
[BlackElo "1615"]
[PlyCount "55"]
[EventDate "2007.08.23"]
[EventType "swiss"]
[EventRounds "9"]
[EventCountry "ESP"]
[Source "lmi"]
[SourceDate "2007.08.23"]

1. d4 d5 2. c4 dxc4 3. e3 b5 4. a4 c6 5. axb5 cxb5 6. Qf3 Qc7 7. Qxa8 a6 8. Qf3
Nf6 9. Qd1 e6 10. Nf3 b4 11. Qc2 c3 12. bxc3 Nd5 13. e4 Nxc3 14. Nxc3 Nc6 15.
Nd5 exd5 16. exd5 Qe7+ 17. Be3 Na7 18. Bxa6 Kd8 19. Bxc8 Nxc8 20. O-O Qb7 21.
Qc6 Qd7 22. Ne5 Qxc6 23. dxc6 Ke7 24. d5 f6 25. Nc4 Kf7 26. Ra8 Ne7 27. c7 g5
28. d6 1-0

[Event "24. Torneo Colllado Villalba"]
[Site "Collado Villalba ESP"]
[Date "2007.08.23"]
[Round "1.49"]
[White "Garcia-Sanchez Navarro-Prieto, Ma"]
[Black "Martinez Ramon, Senen"]
[Result "0-1"]
[WhiteElo "1584"]
[BlackElo "2072"]
[PlyCount "66"]
[EventDate "2007.08.23"]
[EventType "swiss"]
[EventRounds "9"]
[EventCountry "ESP"]
[Source "lmi"]
[SourceDate "2007.08.23"]

1. f4 d5 2. Nf3 Nf6 3. e3 e6 4. b3 Be7 5. Bb2 O-O 6. Be2 b6 7. d4 Ba6 8. Bxa6
Nxa6 9. a3 c5 10. O-O Rc8 11. Nbd2 Nc7 12. Ne5 Nce8 13. c3 Nd6 14. a4 Nfe4 15.
Nxe4 Nxe4 16. Rf3 f6 17. Ng4 c4 18. b4 a5 19. b5 Bd6 20. Qc2 Qe7 21. Nf2 Nxf2
22. Rxf2 e5 23. f5 exd4 24. exd4 Rce8 25. Qd2 Qe4 26. Rff1 Qe2 27. Qc1 Qh5 28.
g3 Re2 29. Rf2 Rxf2 30. Kxf2 Qxh2+ 31. Kf1 Re8 32. Ba3 Re2 33. Ra2 Qg2# 0-1